000
00316nam a22001337a 4500
008
181101b xxu||||| |||| 00| 0 eng d
020
_a
9021940256
041
_a
eng
080
_a
611
100
_a
6
101
_a
ANA
245
_a
The Physiological Basis of Starling's Law of the Heart
_c
Guz,A
942
_2
udc
_c
BK
999
_c
51511
_d
51511